| 000 | 00809nam a22001695i 4500 | ||
|---|---|---|---|
| 001 | 176603 | ||
| 003 | ES-MaACL | ||
| 005 | 20230906220132.0 | ||
| 008 | 110125s1928 sp |||| | spa d | ||
| 080 | _a37-055.2:061.2(460) | ||
| 110 | 2 |
_aAsociación para la Enseñanza de la Mujer. _9144868 |
|
| 245 | 1 | 0 |
_aEstatutos _b: con arreglo a la escritura pública otorgada en 17 de junio de 1889, ante el Notario del Colegio de Madrid D. José García Lastra, y los acuerdos de las Juntas Generales extraordinarias celebradas en 4 de Julio de 1889 y 30 de Diciembre de 1927 / _cAsociación para la Enseñanza de la Mujer. |
| 260 |
_a[Madrid : _bs. n., _c1928?] ( _eMadrid : _fImprenta Universal) |
||
| 300 |
_a18 p. ; _c13 cm. |
||
| 650 | 4 |
_aMujeres- _xEducación- _zEspaña. _9144886 |
|
| 852 |
_aES-MaACL _j2270-F-1 |
||
| 999 |
_c176603 _d176603 |
||